[Event "Madrid ch 2017-2018 Veteranos"]
[Site "Madrid ESP"]
[Date "2018.01.11"]
[Round "4.5"]
[White "Gonzalez Rivera, Eduardo"]
[Black "Viñas Lopez, Carlos"]
[Result "1/2-1/2"]
[WhiteElo "2014"]
[BlackElo "1884"]
[PlyCount "51"]
[EventDate "2018.01.08"]
[EventType "swiss"]
[EventRounds "9"]
[EventCountry "ESP"]
[SourceTitle "Ajedrez en Madrid"]
[Source "lmi"]
[SourceDate "2018.01.08"]
[SourceVersion "1"]
[SourceVersionDate "2018.01.25"]
[SourceQuality "1"]

1. e4 c5 2. Nf3 e6 3. d4 cxd4 4. Nxd4 Nf6 5. Nc3 Nc6 6. g3 d5 7. exd5 Nxd5 8.
Nxc6 bxc6 9. Bg2 Ba6 10. Ne2 Qb6 11. c3 Rd8 12. Qc2 Be7 13. O-O O-O 14. Re1 e5
15. b4 Bc4 16. Bd2 Qa6 17. Nc1 Bf6 18. Bf1 Bxf1 19. Rxf1 Nb6 20. Nb3 Qd3 21.
Rfc1 Nc4 22. Be1 Qxc2 23. Rxc2 e4 24. Re2 Rfe8 25. Nc5 e3 26. fxe3 1/2-1/2

[Event "Madrid ch 2017-2018 Veteranos"]
[Site "Madrid ESP"]
[Date "2018.01.11"]
[Round "4.6"]
[White "Martin Martin, Luis Vicente"]
[Black "De la Orden Alcocer, Alejandro"]
[Result "1/2-1/2"]
[WhiteElo "1946"]
[BlackElo "2042"]
[PlyCount "159"]
[EventDate "2018.01.08"]
[EventType "swiss"]
[EventRounds "9"]
[EventCountry "ESP"]
[SourceTitle "Ajedrez en Madrid"]
[Source "lmi"]
[SourceDate "2018.01.08"]
[SourceVersion "1"]
[SourceVersionDate "2018.01.25"]
[SourceQuality "1"]

1. d4 c5 2. c3 e6 3. Bf4 Nf6 4. e3 d5 5. Nf3 Nc6 6. Ne5 Nxe5 7. dxe5 Nd7 8. Nd2
Qc7 9. Nf3 g6 10. Bb5 a6 11. Qa4 Bg7 12. O-O O-O 13. Bxd7 Bxd7 14. Qc2 Bc6 15.
Rfd1 Rac8 16. h4 d4 17. cxd4 cxd4 18. exd4 Bxf3 19. Qxc7 Rxc7 20. gxf3 Rc2 21.
Rab1 Rfc8 22. Rdc1 h5 23. Bd2 Bf8 24. Kg2 Be7 25. Kg3 b5 26. Bc3 Rxc1 27. Rxc1
Bd8 28. Bd2 Rxc1 29. Bxc1 Kf8 30. b3 Ke8 31. Ba3 Kd7 32. Bc5 Kc6 33. f4 Kd5 34.
f3 a5 35. Ba7 a4 36. Bc5 Ba5 37. Kf2 Bd2 38. f5 gxf5 39. Ke2 Bc3 40. Ke3 Be1
41. Be7 Bg3 42. Bd8 Bh2 43. Bf6 Bg1+ 44. Kf4 Bxd4 45. bxa4 bxa4 46. Kg5 Bxe5
47. Bxe5 Kxe5 48. a3 f4 49. Kxh5 Kf5 50. Kh6 Kf6 51. h5 e5 52. Kh7 e4 53. h6
exf3 54. Kg8 f2 55. h7 f1=Q 56. h8=Q+ Ke6 57. Qd4 Qg2+ 58. Kf8 f3 59. Qe4+ Kf6
60. Qf4+ Kg6 61. Qxf7+ Kg5 62. Qg7+ Kf4 63. Qf6+ Kg3 64. Qd6+ Kf2 65. Qc5+ Ke2
66. Qc2+ Ke3 67. Qc3+ Kf4 68. Qd4+ Kf5 69. Qd7+ Ke5 70. Qb5+ Kd6 71. Qb6+ Ke5
72. Qb5+ Kf4 73. Qc4+ Kg3 74. Qc7+ Kh3 75. Qh7+ Kg3 76. Qc7+ Kf2 77. Qc5+ Ke2
78. Qc2+ Kf1 79. Qc1+ Kf2 80. Qc5+ 1/2-1/2

[Event "Madrid ch 2017-2018 Veteranos"]
[Site "Madrid ESP"]
[Date "2018.01.11"]
[Round "4.7"]
[White "Cruz Gonzalez, Antonio"]
[Black "Lorenzo Bailador, Alfredo"]
[Result "0-1"]
[WhiteElo "1766"]
[BlackElo "2011"]
[PlyCount "34"]
[EventDate "2018.01.08"]
[EventType "swiss"]
[EventRounds "9"]
[EventCountry "ESP"]
[SourceTitle "Ajedrez en Madrid"]
[Source "lmi"]
[SourceDate "2018.01.08"]
[SourceVersion "1"]
[SourceVersionDate "2018.01.25"]
[SourceQuality "1"]

1. e4 e5 2. Nf3 Nc6 3. Bb5 a6 4. Ba4 Nf6 5. d3 Bc5 6. c3 d6 7. h3 O-O 8. O-O
Ne7 9. Re1 Ng6 10. d4 Bd7 11. Nbd2 Qe7 12. Bc2 Nh5 13. Nxe5 dxe5 14. Qxh5 exd4
15. cxd4 Bxd4 16. Nf3 Qc5 17. Nxd4 Qxh5 0-1

[Event "Madrid ch 2017-2018 Veteranos"]
[Site "Madrid ESP"]
[Date "2018.01.11"]
[Round "4.8"]
[White "Garcia Galeote, Lorenzo"]
[Black "Rodriguez Bernal, Herman"]
[Result "1-0"]
[WhiteElo "1971"]
[BlackElo "1744"]
[PlyCount "100"]
[EventDate "2018.01.08"]
[EventType "swiss"]
[EventRounds "9"]
[EventCountry "ESP"]
[SourceTitle "Ajedrez en Madrid"]
[Source "lmi"]
[SourceDate "2018.01.08"]
[SourceVersion "1"]
[SourceVersionDate "2018.01.25"]
[SourceQuality "1"]

1. d4 Nf6 2. c4 e6 3. Nc3 Bb4 4. a3 Bxc3+ 5. bxc3 b6 6. e3 Bb7 7. f3 d6 8. Bd3
Nbd7 9. Ne2 O-O 10. O-O e5 11. Ng3 d5 12. cxd5 Nxd5 13. Qc2 N5f6 14. e4 c5 15.
d5 c4 16. Bxc4 b5 17. Be2 Qb6+ 18. Kh1 Rac8 19. Qb2 a6 20. a4 Qc5 21. axb5 axb5
22. Bd2 Rb8 23. Ra5 Ne8 24. Qxb5 Qc7 25. Ra7 Nd6 26. Qa5 Qc8 27. Rc1 Nc4 28.
Qa2 Nxd2 29. Qxd2 Qc5 30. Rca1 Bc8 31. R7a5 Qc7 32. h4 Nc5 33. Ra7 Qd8 34. Qg5
Qxg5 35. hxg5 f5 36. Rc7 f4 37. Nh5 Nd7 38. Raa7 Kf7 39. Rxd7+ Bxd7 40. Rxd7+
Kg6 41. Nxg7 Rb1+ 42. Kh2 Ra8 43. Ne6 Raa1 44. Rg7+ Kh5 45. Rxh7+ Kg6 46. Rg7+
Kh5 47. g4+ fxg3+ 48. Kxg3 Rb2 49. Rh7+ Kg6 50. Rh6+ Kf7 1-0

[Event "Madrid ch 2017-2018 Veteranos"]
[Site "Madrid ESP"]
[Date "2018.01.11"]
[Round "4.9"]
[White "Quintero Torres, Pedro"]
[Black "Hernandez Gutierrez, Jose"]
[Result "0-1"]
[WhiteElo "1966"]
[BlackElo "1803"]
[PlyCount "48"]
[EventDate "2018.01.08"]
[EventType "swiss"]
[EventRounds "9"]
[EventCountry "ESP"]
[SourceTitle "Ajedrez en Madrid"]
[Source "lmi"]
[SourceDate "2018.01.08"]
[SourceVersion "1"]
[SourceVersionDate "2018.01.25"]
[SourceQuality "1"]

1. e4 c5 2. Nc3 Nc6 3. Nge2 d6 4. g3 g6 5. Bg2 Bg7 6. O-O e5 7. Nd5 Nge7 8.
Nec3 O-O 9. d3 Be6 10. f4 f5 11. Be3 Nd4 12. fxe5 dxe5 13. Bg5 Ndc6 14. Qd2 Qd7
15. Rae1 Rf7 16. Bh6 Raf8 17. Bxg7 Kxg7 18. Nxe7 Rxe7 19. Rf2 Ref7 20. Ref1 Qd4
21. Kh1 c4 22. exf5 Rxf5 23. Rxf5 Bxf5 24. Qg5 Nb4 0-1

[Event "Madrid ch 2017-2018 Veteranos"]
[Site "Madrid ESP"]
[Date "2018.01.11"]
[Round "4.10"]
[White "Losada Gonzalez, Andres"]
[Black "Alvarez Abejon, Amilcar"]
[Result "1/2-1/2"]
[WhiteElo "1807"]
[BlackElo "1926"]
[PlyCount "81"]
[EventDate "2018.01.08"]
[EventType "swiss"]
[EventRounds "9"]
[EventCountry "ESP"]
[SourceTitle "Ajedrez en Madrid"]
[Source "lmi"]
[SourceDate "2018.01.08"]
[SourceVersion "1"]
[SourceVersionDate "2018.01.25"]
[SourceQuality "1"]

1. e4 e6 2. d4 d5 3. exd5 exd5 4. c4 Nf6 5. Nc3 Bb4 6. Bd3 O-O 7. Nge2 dxc4 8.
Bxc4 c6 9. O-O Nbd7 10. Bg5 Nb6 11. Bd3 Be7 12. Qc2 h6 13. Bh4 Nfd5 14. Bxe7
Qxe7 15. a3 Nxc3 16. bxc3 Be6 17. Nf4 Bc4 18. Rfe1 Qd6 19. Bxc4 Nxc4 20. Nd3
Nxa3 21. Qb3 Nb5 22. Ne5 a5 23. Nc4 Qc7 24. Re3 Rfe8 25. Rxa5 Rad8 26. Ra1 Rxe3
27. fxe3 Qe7 28. Ne5 Nd6 29. c4 Qe6 30. Qb6 Re8 31. c5 Nc4 32. Nxc4 Qxc4 33.
Re1 Qc3 34. Kf2 Re6 35. Re2 Rf6+ 36. Kg3 Qd3 37. Qb2 Qg6+ 38. Kh3 Qh5+ 39. Kg3
Qg5+ 40. Kh3 Qh5+ 41. Kg3 1/2-1/2

[Event "Madrid ch 2017-2018 Veteranos"]
[Site "Madrid ESP"]
[Date "2018.01.11"]
[Round "4.11"]
[White "De Los Rios Camacho, Juan Antoni"]
[Black "Sotoca Aguado, Jose"]
[Result "0-1"]
[WhiteElo "1624"]
[BlackElo "1852"]
[PlyCount "84"]
[EventDate "2018.01.08"]
[EventType "swiss"]
[EventRounds "9"]
[EventCountry "ESP"]
[SourceTitle "Ajedrez en Madrid"]
[Source "lmi"]
[SourceDate "2018.01.08"]
[SourceVersion "1"]
[SourceVersionDate "2018.01.25"]
[SourceQuality "1"]

1. e4 c6 2. Nf3 d5 3. Nc3 Bg4 4. h3 Bh5 5. exd5 cxd5 6. Bb5+ Nc6 7. g4 Bg6 8.
Ne5 Rc8 9. Qf3 e6 10. h4 Qf6 11. Qxf6 Nxf6 12. d3 h5 13. Nxg6 fxg6 14. g5 Nd7
15. Be3 a6 16. Ba4 b5 17. Nxb5 axb5 18. Bxb5 Bd6 19. a4 O-O 20. a5 Bc5 21. d4
Ba7 22. c3 Rf7 23. Kd2 e5 24. Bxc6 Rxc6 25. b4 exd4 26. cxd4 Rc4 27. b5 Bxd4
28. Bxd4 Rxd4+ 29. Ke2 Re7+ 30. Kf1 Rb4 31. a6 Nb6 32. a7 Rxb5 33. a8=Q+ Nxa8
34. Rxa8+ Kf7 35. Rh3 Rd7 36. Rf3+ Ke6 37. Ra6+ Ke5 38. Re3+ Kf5 39. Rf3+ Kg4
40. Rg3+ Kf4 41. Kg2 d4 42. Rf3+ Ke4 0-1

[Event "Madrid ch 2017-2018 Veteranos"]
[Site "Madrid ESP"]
[Date "2018.01.11"]
[Round "4.12"]
[White "Minguela Muñoz, Bienvenido"]
[Black "Hernandez Garcia, Carlos"]
[Result "1-0"]
[WhiteElo "1819"]
[BlackElo "1727"]
[PlyCount "53"]
[EventDate "2018.01.08"]
[EventType "swiss"]
[EventRounds "9"]
[EventCountry "ESP"]
[SourceTitle "Ajedrez en Madrid"]
[Source "lmi"]
[SourceDate "2018.01.08"]
[SourceVersion "1"]
[SourceVersionDate "2018.01.25"]
[SourceQuality "1"]

1. d4 Nf6 2. c4 g6 3. Nc3 Bg7 4. e4 d6 5. Nf3 Nbd7 6. e5 dxe5 7. dxe5 Ng8 8. e6
fxe6 9. Ng5 Nc5 10. Qxd8+ Kxd8 11. Nf7+ Kd7 12. Nxh8 Bxh8 13. Be3 Bxc3+ 14.
bxc3 Ne4 15. O-O-O+ Ke8 16. Kc2 b6 17. f3 Nd6 18. c5 Nf5 19. Bb5+ Kf7 20. Bf2
Nf6 21. Bc6 Rb8 22. g4 Ng7 23. cxb6 axb6 24. Bg3 Nfe8 25. Rd8 Nd6 26. Bxd6 exd6
27. Bd7 1-0

[Event "Madrid ch 2017-2018 Veteranos"]
[Site "Madrid ESP"]
[Date "2018.01.11"]
[Round "4.13"]
[White "Serrano Garcia, Vicente"]
[Black "San Segundo Ortiz, Fernando"]
[Result "1/2-1/2"]
[WhiteElo "1817"]
[BlackElo "1692"]
[PlyCount "94"]
[EventDate "2018.01.08"]
[EventType "swiss"]
[EventRounds "9"]
[EventCountry "ESP"]
[SourceTitle "Ajedrez en Madrid"]
[Source "lmi"]
[SourceDate "2018.01.08"]
[SourceVersion "1"]
[SourceVersionDate "2018.01.25"]
[SourceQuality "1"]

1. d4 Nf6 2. Nf3 g6 3. Bf4 d6 4. e3 Bg7 5. h3 O-O 6. c4 b6 7. Nc3 Bb7 8. Be2
Ne4 9. O-O Nd7 10. Nxe4 Bxe4 11. Rc1 c5 12. Qd2 Nf6 13. b4 Rc8 14. Rfd1 cxd4
15. exd4 Nh5 16. Bh6 f6 17. d5 Bxf3 18. Bxf3 Bxh6 19. Qxh6 Ng7 20. Re1 Nf5 21.
Qf4 Rc7 22. h4 a5 23. a3 axb4 24. axb4 Ra7 25. h5 Kg7 26. Bg4 Nh6 27. Be6 Nf7
28. hxg6 hxg6 29. Bxf7 Kxf7 30. Qe3 Kg7 31. Ra1 Rxa1 32. Rxa1 Qc7 33. Qe4 Qb7
34. Re1 Re8 35. g4 Qd7 36. f3 Kf7 37. Kf2 e5 38. dxe6+ Rxe6 39. Qxe6+ Qxe6 40.
Rxe6 Kxe6 41. Ke3 g5 42. Kd4 f5 43. b5 fxg4 44. fxg4 Ke7 45. Kd5 Kd7 46. Kd4
Ke7 47. Ke3 Kf6 1/2-1/2

[Event "Madrid ch 2017-2018 Veteranos"]
[Site "Madrid ESP"]
[Date "2018.01.11"]
[Round "4.15"]
[White "Rodriguez Bachiller, Luis"]
[Black "Marcos Herrero, Francisco"]
[Result "0-1"]
[WhiteElo "1634"]
[BlackElo "1876"]
[PlyCount "106"]
[EventDate "2018.01.08"]
[EventType "swiss"]
[EventRounds "9"]
[EventCountry "ESP"]
[SourceTitle "Ajedrez en Madrid"]
[Source "lmi"]
[SourceDate "2018.01.08"]
[SourceVersion "1"]
[SourceVersionDate "2018.01.25"]
[SourceQuality "1"]

1. e4 c5 2. Nf3 Nc6 3. d4 cxd4 4. Nxd4 g6 5. c4 Nf6 6. Nc3 d6 7. Be2 Nxd4 8.
Qxd4 Bg7 9. O-O O-O 10. Be3 Ng4 11. Qd2 Nxe3 12. Qxe3 Be6 13. b3 Qb6 14. Qxb6
axb6 15. Rfc1 Rfc8 16. a4 b5 17. Rab1 bxc4 18. bxc4 Bxc4 19. Bxc4 Rxc4 20. Nd5
Rxe4 21. Rc7 Bf8 22. f3 Re5 23. Nb6 Rd8 24. Nd7 Ra5 25. Rbxb7 Bg7 26. Rb8 Bd4+
27. Kf1 Rxb8 28. Nxb8 e6 29. Rc4 Bc5 30. Nc6 Ra6 31. Nd4 Kf8 32. Nb3 Ke7 33.
Ke2 Bb6 34. Kd3 Kd7 35. Kc3 Bd8 36. Rb4 Bf6+ 37. Kd3 Kc7 38. a5 d5 39. Rf4 e5
40. Ra4 Kc6 41. Rb4 Be7 42. Rb8 Bd6 43. Rh8 h5 44. Rh7 Ra7 45. h3 Kb5 46. g4
hxg4 47. hxg4 Kb4 48. Kc2 e4 49. fxe4 Rc7+ 50. Kb2 Be5+ 51. Ka2 dxe4 52. Rh3
Rc2+ 53. Kb1 Rb2+ 0-1

[Event "Madrid ch 2017-2018 Veteranos"]
[Site "Madrid ESP"]
[Date "2018.01.11"]
[Round "4.16"]
[White "Martinez Pintor, Juan"]
[Black "Lopez Heras, Arturo"]
[Result "1/2-1/2"]
[WhiteElo "1661"]
[BlackElo "1859"]
[PlyCount "63"]
[EventDate "2018.01.08"]
[EventType "swiss"]
[EventRounds "9"]
[EventCountry "ESP"]
[SourceTitle "Ajedrez en Madrid"]
[Source "lmi"]
[SourceDate "2018.01.08"]
[SourceVersion "1"]
[SourceVersionDate "2018.01.25"]
[SourceQuality "1"]

1. d4 Nf6 2. c4 g6 3. Nc3 d5 4. cxd5 Nxd5 5. e4 Nxc3 6. bxc3 c5 7. Be3 Bg7 8.
Rc1 O-O 9. Nf3 Qa5 10. Qd2 Be6 11. d5 Bg4 12. Be2 Nd7 13. h3 Bxf3 14. Bxf3 Ne5
15. Be2 Rfd8 16. O-O Rac8 17. c4 Qa6 18. Qc2 Rd6 19. f4 Nd7 20. e5 Rb6 21. Bg4
e6 22. dxe6 fxe6 23. Rfd1 Nf8 24. Rb1 Rxb1 25. Rxb1 b6 26. Rd1 Qb7 27. Rd6 Qe7
28. a4 Rd8 29. Rxd8 Qxd8 30. a5 Kf7 31. axb6 axb6 32. Be2 1/2-1/2

[Event "Madrid ch 2017-2018 Veteranos"]
[Site "Madrid ESP"]
[Date "2018.01.11"]
[Round "4.17"]
[White "Martinez Carrasco, Jesus"]
[Black "De Luna Butz, Alberto"]
[Result "1/2-1/2"]
[WhiteElo "1568"]
[BlackElo "1810"]
[PlyCount "56"]
[EventDate "2018.01.08"]
[EventType "swiss"]
[EventRounds "9"]
[EventCountry "ESP"]
[SourceTitle "Ajedrez en Madrid"]
[Source "lmi"]
[SourceDate "2018.01.08"]
[SourceVersion "1"]
[SourceVersionDate "2018.01.25"]
[SourceQuality "1"]

1. d4 c5 2. d5 d6 3. e4 e5 4. Nf3 Be7 5. c4 Bg4 6. Be2 Bxf3 7. Bxf3 Bg5 8. Nc3
Bxc1 9. Rxc1 Nh6 10. Qc2 O-O 11. O-O Nd7 12. h3 f5 13. exf5 Nxf5 14. Be4 g6 15.
Qd2 Qh4 16. Bxf5 gxf5 17. Nb5 Rf6 18. Nc7 Rc8 19. Ne6 Nf8 20. Qg5+ Qxg5 21.
Nxg5 h6 22. Nf3 Ng6 23. g3 Kh7 24. Rc3 Rg8 25. Nd2 h5 26. Kh2 f4 27. g4 Nh4 28.
f3 hxg4 1/2-1/2

[Event "Madrid ch 2017-2018 Veteranos"]
[Site "Madrid ESP"]
[Date "2018.01.11"]
[Round "4.18"]
[White "Villodre Miranda, Juan Alonso"]
[Black "Rueda Maria, Ramiro"]
[Result "0-1"]
[WhiteElo "1542"]
[BlackElo "1827"]
[PlyCount "80"]
[EventDate "2018.01.08"]
[EventType "swiss"]
[EventRounds "9"]
[EventCountry "ESP"]
[SourceTitle "Ajedrez en Madrid"]
[Source "lmi"]
[SourceDate "2018.01.08"]
[SourceVersion "1"]
[SourceVersionDate "2018.01.25"]
[SourceQuality "1"]

1. c4 c5 2. Nc3 Nc6 3. e4 d6 4. d3 g6 5. g3 Bg7 6. Bg2 e6 7. Nge2 Nge7 8. O-O
a6 9. a4 O-O 10. h3 Rb8 11. Kh2 b6 12. f4 Bb7 13. g4 Qc7 14. f5 exf5 15. exf5
Be5+ 16. Bf4 Bxf4+ 17. Nxf4 g5 18. Nfd5 Nxd5 19. Bxd5 Ne7 20. Qd2 h6 21. f6
Nxd5 22. Nxd5 Bxd5 23. cxd5 Rbe8 24. Rf5 Re5 25. Raf1 Rfe8 26. R5f2 Qd7 27. b3
Rxd5 28. Rf5 Rxf5 29. Rxf5 Re5 30. Rxe5 dxe5 31. Qg2 Qd6 32. Qe4 Qxf6 33. Kg2
Qf4 34. Qc4 Qd4 35. Kf3 Kf8 36. Kg3 a5 37. Qxd4 cxd4 38. Kf3 Ke7 39. Ke4 Kd6
40. Kf3 Kd5 0-1

[Event "Madrid ch 2017-2018 Veteranos"]
[Site "Madrid ESP"]
[Date "2018.01.11"]
[Round "4.19"]
[White "Salgado Duarte, Pablo"]
[Black "Fernandez Aransay, Fernando"]
[Result "0-1"]
[WhiteElo "1522"]
[BlackElo "1825"]
[PlyCount "88"]
[EventDate "2018.01.08"]
[EventType "swiss"]
[EventRounds "9"]
[EventCountry "ESP"]
[SourceTitle "Ajedrez en Madrid"]
[Source "lmi"]
[SourceDate "2018.01.08"]
[SourceVersion "1"]
[SourceVersionDate "2018.01.25"]
[SourceQuality "1"]

1. d4 d5 2. c4 e6 3. Nc3 Nf6 4. Nf3 Be7 5. Bf4 O-O 6. e3 b6 7. cxd5 exd5 8. h3
Bb7 9. Bd3 Nbd7 10. O-O c5 11. Re1 c4 12. Bc2 a6 13. Ne5 b5 14. Nxd7 Qxd7 15.
b3 b4 16. Ne2 c3 17. Bh2 Bd6 18. Bxd6 Qxd6 19. Ng3 g6 20. Qf3 Rfe8 21. Ne2 Ne4
22. Bxe4 dxe4 23. Qg3 Qxg3 24. Nxg3 a5 25. Ne2 Ba6 26. Nf4 Rac8 27. Nd5 Kg7 28.
a3 Red8 29. Nf4 c2 30. axb4 axb4 31. Rec1 Bd3 32. Ra7 Kg8 33. Rb7 Rb8 34. Ra7
Ra8 35. Rb7 Rdb8 36. Rxb8+ Rxb8 37. f3 Ra8 38. fxe4 Bxe4 39. Kf2 Ra3 40. Ne2
Rxb3 41. g3 Rb1 42. Ke1 b3 43. Kd2 b2 44. Rxc2 Rd1+ 0-1

[Event "Madrid ch 2017-2018 Veteranos"]
[Site "Madrid ESP"]
[Date "2018.01.11"]
[Round "4.20"]
[White "Martin Garcia, Francisco Javier"]
[Black "Marivela Santos, Juan Carlos"]
[Result "0-1"]
[WhiteElo "1487"]
[BlackElo "1714"]
[PlyCount "134"]
[EventDate "2018.01.08"]
[EventType "swiss"]
[EventRounds "9"]
[EventCountry "ESP"]
[SourceTitle "Ajedrez en Madrid"]
[Source "lmi"]
[SourceDate "2018.01.08"]
[SourceVersion "1"]
[SourceVersionDate "2018.01.25"]
[SourceQuality "1"]

1. d4 Nf6 2. Nf3 e6 3. c4 b6 4. g3 Bb7 5. Bg2 Bb4+ 6. Bd2 Bxd2+ 7. Nbxd2 Na6 8.
O-O O-O 9. Qc2 c5 10. d5 exd5 11. Nh4 Nb4 12. Qf5 g6 13. Qg5 Ne4 14. Nxe4 dxe4
15. Qh6 Qf6 16. f4 exf3 17. Nxf3 Bxf3 18. Bxf3 Rad8 19. a3 Nc2 20. Rad1 Nd4 21.
Bg4 Qc6 22. e3 Ne6 23. Rf6 Qe4 24. h3 Qe5 25. Rf3 Qxb2 26. h4 f5 27. Bh3 Qg7
28. Qxg7+ Nxg7 29. Rd5 Rfe8 30. g4 fxg4 31. Bxg4 Re7 32. Kf2 Ne8 33. h5 Kg7 34.
hxg6 hxg6 35. Bh3 d6 36. Bf1 Nf6 37. Rd1 Ne4+ 38. Ke1 Rf7 39. Rh3 Nf2 40. Rg3
Nxd1 41. Bd3 Nf2 42. Rxg6+ Kf8 43. Be2 Ne4 44. Rh6 Ke7 45. Bd3 Nf6 46. Bc2 Nd7
47. Rh4 Ne5 48. Rh1 Rdf8 49. Be4 Rf2 50. Rh7+ R8f7 51. Rh1 Ra2 52. Bd5 Ra1+ 53.
Ke2 Rxh1 54. Bxh1 Nxc4 55. a4 Ke6 56. Bc6 Ke5 57. e4 Rf4 58. Kd3 Na5 59. Bd5
Rf3+ 60. Kc2 Kd4 61. Ba8 Rf2+ 62. Kb1 Kd3 63. Bd5 Nc4 64. Bc6 Na3+ 65. Ka1 Kc3
66. Bd5 c4 67. Bxc4 Nxc4 0-1

[Event "Madrid ch 2017-2018 Veteranos"]
[Site "Madrid ESP"]
[Date "2018.01.11"]
[Round "4.21"]
[White "Peña Marina, Jose Maria"]
[Black "Cupeiro Fernandez, Manuel"]
[Result "0-1"]
[WhiteElo "1705"]
[BlackElo "1552"]
[PlyCount "36"]
[EventDate "2018.01.08"]
[EventType "swiss"]
[EventRounds "9"]
[EventCountry "ESP"]
[SourceTitle "Ajedrez en Madrid"]
[Source "lmi"]
[SourceDate "2018.01.08"]
[SourceVersion "1"]
[SourceVersionDate "2018.01.25"]
[SourceQuality "1"]

1. c4 e5 2. Nc3 d6 3. Nf3 Nf6 4. g3 Be7 5. Bg2 c6 6. O-O O-O 7. d3 Bf5 8. b3
Nbd7 9. Bb2 h6 10. Re1 Re8 11. h3 Nc5 12. e4 Bh7 13. b4 Ne6 14. d4 exd4 15.
Nxd4 Nxd4 16. Qxd4 Nd7 17. Qd2 Ne5 18. Bf1 Nf3+ 0-1

[Event "Madrid ch 2017-2018 Veteranos"]
[Site "Madrid ESP"]
[Date "2018.01.11"]
[Round "4.22"]
[White "Calderon Martin, Antonio"]
[Black "Beekhof Harmsen, Willen"]
[Result "1-0"]
[WhiteElo "1665"]
[BlackElo "1543"]
[PlyCount "69"]
[EventDate "2018.01.08"]
[EventType "swiss"]
[EventRounds "9"]
[EventCountry "ESP"]
[SourceTitle "Ajedrez en Madrid"]
[Source "lmi"]
[SourceDate "2018.01.08"]
[SourceVersion "1"]
[SourceVersionDate "2018.01.25"]
[SourceQuality "1"]

1. e4 g6 2. d4 Bg7 3. Nc3 d6 4. Be3 Nd7 5. h4 Ngf6 6. f3 Nh5 7. Nge2 Nb6 8. g4
Nf6 9. Ng3 h6 10. Qd2 Bd7 11. Be2 Na4 12. Nxa4 Bxa4 13. O-O-O b6 14. g5 Ng8 15.
h5 e5 16. gxh6 Nxh6 17. hxg6 exd4 18. Bxh6 Qf6 19. Bxg7 Qxg7 20. Rxh8+ Qxh8 21.
gxf7+ Kxf7 22. Bc4+ Ke7 23. Nf5+ Kd7 24. Qxd4 Qh2 25. Qd2 Qe5 26. Bb3 Bb5 27.
f4 Qxe4 28. Bd5 Qxf5 29. Bxa8 Qf6 30. Qd4 Qf8 31. Bd5 c6 32. Bb3 c5 33. Qe5 Bc6
34. Qe6+ Kc7 35. Qf7+ 1-0

[Event "Madrid ch 2017-2018 Veteranos"]
[Site "Madrid ESP"]
[Date "2018.01.11"]
[Round "4.23"]
[White "Martinez Martinez, Javier II"]
[Black "Sanchez Lucena, Juan"]
[Result "0-1"]
[WhiteElo "1644"]
[BlackElo "1456"]
[PlyCount "80"]
[EventDate "2018.01.08"]
[EventType "swiss"]
[EventRounds "9"]
[EventCountry "ESP"]
[SourceTitle "Ajedrez en Madrid"]
[Source "lmi"]
[SourceDate "2018.01.08"]
[SourceVersion "1"]
[SourceVersionDate "2018.01.25"]
[SourceQuality "1"]

1. d4 Nf6 2. Bg5 d5 3. Nf3 e6 4. e3 Be7 5. Nbd2 a6 6. Bd3 h6 7. Bf4 c5 8. c3 c4
9. Bc2 b5 10. Ne5 Nfd7 11. Ndf3 Nxe5 12. Nxe5 Bf6 13. Qh5 Bxe5 14. Bxe5 Qg5 15.
Qf3 f5 16. h4 Qg6 17. h5 Qf7 18. Qg3 Nd7 19. f4 Nxe5 20. fxe5 Bd7 21. Qf2 O-O-O
22. b4 Bc6 23. g4 Bd7 24. Rf1 Rdf8 25. O-O-O g6 26. e4 gxh5 27. gxf5 Rhg8 28.
f6 Bc6 29. Qf3 Rg4 30. Rde1 Rfg8 31. exd5 Bxd5 32. Be4 Rg3 33. Qh1 Rxc3+ 34.
Kb2 Rcg3 35. Bxd5 exd5 36. e6 Qf8 37. e7 Qf7 38. Re5 Qg6 39. Qxd5 Rg2+ 40. Qxg2
Qxg2+ 0-1

[Event "Madrid ch 2017-2018 Veteranos"]
[Site "Madrid ESP"]
[Date "2018.01.11"]
[Round "4.24"]
[White "Martinez Miura, Enrique"]
[Black "Perez Ramos, Miguel Angel"]
[Result "1-0"]
[WhiteElo "1637"]
[BlackElo "1145"]
[PlyCount "67"]
[EventDate "2018.01.08"]
[EventType "swiss"]
[EventRounds "9"]
[EventCountry "ESP"]
[SourceTitle "Ajedrez en Madrid"]
[Source "lmi"]
[SourceDate "2018.01.08"]
[SourceVersion "1"]
[SourceVersionDate "2018.01.25"]
[SourceQuality "1"]

1. e4 e6 2. d4 d5 3. Nc3 c6 4. exd5 exd5 5. Bd3 Be7 6. h3 Be6 7. Nf3 Nd7 8. O-O
Bf6 9. Re1 b5 10. Bf5 Ne7 11. Bxe6 fxe6 12. Rxe6 Rc8 13. Re1 Nf8 14. Bg5 Qd6
15. Qd2 Kd7 16. Bf4 Qb4 17. a3 Qa5 18. Ne5+ Ke8 19. Ng4 Qd8 20. Nxf6+ gxf6 21.
Qe3 Nfg6 22. Bg3 Qd7 23. Re2 Kf7 24. Rae1 Rce8 25. Qf3 Qf5 26. Rxe7+ Rxe7 27.
Qxf5 Rxe1+ 28. Kh2 Rhe8 29. Qd7+ Kg8 30. Qxc6 f5 31. Qxd5+ R1e6 32. Qxf5 a6 33.
Nd5 Re1 34. Nf6+ 1-0

[Event "Madrid ch 2017-2018 Veteranos"]
[Site "Madrid ESP"]
[Date "2018.01.11"]
[Round "4.25"]
[White "Perales Hernandez, Manuel"]
[Black "Ramos Antona, Enrique"]
[Result "0-1"]
[WhiteElo "1302"]
[BlackElo "1608"]
[PlyCount "122"]
[EventDate "2018.01.08"]
[EventType "swiss"]
[EventRounds "9"]
[EventCountry "ESP"]
[SourceTitle "Ajedrez en Madrid"]
[Source "lmi"]
[SourceDate "2018.01.08"]
[SourceVersion "1"]
[SourceVersionDate "2018.01.25"]
[SourceQuality "1"]

1. e4 e5 2. Bc4 Bc5 3. Nf3 Nc6 4. c3 Nf6 5. b4 Bb6 6. d3 d6 7. Ng5 Bg4 8. f3
Bh5 9. h4 h6 10. g4 Bg6 11. h5 hxg5 12. Bxg5 Qd7 13. Ke2 Bh7 14. Rh4 Ng8 15.
Qd2 f6 16. Be3 O-O-O 17. a4 Bxe3 18. Qxe3 Kb8 19. Nd2 Nge7 20. a5 d5 21. b5
dxc4 22. Nxc4 Nd4+ 23. cxd4 Qxd4 24. Qxd4 Rxd4 25. Rhh1 Rhd8 26. Rhd1 Bg8 27.
Ne3 Rb4 28. Rdb1 Rdd4 29. Nc2 Rxb1 30. Rxb1 Ra4 31. a6 Ra2 32. Kd2 b6 33. Kc3
c6 34. Nb4 Ra3+ 35. Kd2 cxb5 36. h6 gxh6 37. Rh1 Rb3 38. Nc2 Rb2 39. Kc1 Ra2
40. Rxh6 Rxa6 41. Rxf6 Kc7 42. Kb2 Ra2+ 43. Kc1 a5 44. f4 exf4 45. Rxf4 b4 46.
Nd4 Rg2 47. Nb5+ Kc6 48. Nd4+ Kc5 49. Nb3+ Bxb3 50. Rf3 Bg8 51. Rf6 Rxg4 52.
d4+ Kxd4 53. Rxb6 Rxe4 54. Rb5 Re6 55. Rb7 Kc3 56. Kb1 Re2 57. Kc1 Kb3 58. Kd1
Bc4 59. Rc7 Re4 60. Rd7 Nd5 61. Rh7 Nc3+ 0-1